| 000 | 00698nam a2200241Ia 4500 | ||
|---|---|---|---|
| 003 | OSt | ||
| 005 | 20220925203944.0 | ||
| 006 | a|||||r|||| 00| 0 | ||
| 007 | ta | ||
| 008 | 220923b |||||||| |||| 00| 0 eng d | ||
| 037 | _cGeneral Book | ||
| 040 |
_aRTL _cRTL _beng |
||
| 041 |
_2eng _aeng |
||
| 082 | _aV2:51.N42, L6 | ||
| 100 |
_aChopra P N Ed. _96754 |
||
| 245 | 0 |
_aQuit India movement _b British secret report |
|
| 260 |
_aFaridabad _bThomson Press India _c1976 |
||
| 300 |
_a407p. _ccm. |
||
| 500 | _aAppendix360-72; Index:P.399-407 | ||
| 650 | _aStruggle for Independence | ||
| 942 |
_hV2:51.N42, L6 _cGB _2CC |
||
| 999 |
_c548175 _d548175 |
||